Auctioneers selling real estate in England and Wales (Record no. 110056)

MARC details
000 -LEADER
fixed length control field 01309cad a22002655a 4500
001 - CONTROL NUMBER
control field E148468
008 - FIXED-LENGTH DATA ELEMENTS--GENERAL INFORMATION
fixed length control field 090922s2009 xxk f 000 0 eng u
020 ## - INTERNATIONAL STANDARD BOOK NUMBER
International Standard Book Number 9781842154750
035 ## - SYSTEM CONTROL NUMBER
System control number (Sirsi) u148468
041 0# - LANGUAGE CODE
Language code of text/sound track or separate title eng
050 04 - LIBRARY OF CONGRESS CALL NUMBER
Classification number 380.1 $2 18
110 2# - MAIN ENTRY--CORPORATE NAME
Corporate name or jurisdiction name as entry element Royal Institution of Chartered Surveyors
9 (RLIN) 4900
245 00 - TITLE STATEMENT
Title Auctioneers selling real estate in England and Wales
Statement of responsibility, etc. [old edition]
250 ## - EDITION STATEMENT
Edition statement 5th ed.
260 ## - PUBLICATION, DISTRIBUTION, ETC.
Place of publication, distribution, etc. Coventry
Name of publisher, distributor, etc. RICS
Date of publication, distribution, etc. 2009
300 ## - PHYSICAL DESCRIPTION
Extent vi, 26p.
Dimensions 30cm.
490 #0 - SERIES STATEMENT
Series statement RICS Guidance Note
520 ## - SUMMARY, ETC.
Summary, etc. Clarifies real estate auctioneers' professional responsibilities and provides advice on best practice before, during and after the auction. Also covers legal responsibilities, the auction catalogue and online marketing. Appendices include variations for Scottish auctions, Value Added Tax, sale of qualifying investments, underwriting and data protection. Bibliography.
520 ## - SUMMARY, ETC.
Summary, etc. Supersedes fourth edition (ISBN 1842191810).
520 ## - SUMMARY, ETC.
Summary, etc. Superseded by sixth edition (ISBN 9781783210060)
651 #4 - SUBJECT ADDED ENTRY--GEOGRAPHIC NAME
Geographic name England and Wales
Chronological subdivision 1543-
690 ## - LOCAL SUBJECT ADDED ENTRY--TOPICAL TERM (OCLC, RLIN)
Topical term or geographic name as entry element Auctioneering
9 (RLIN) 6218
856 41 - ELECTRONIC LOCATION AND ACCESS
Uniform Resource Identifier <a href="https://www.rics.org/Global/Downloads/Auctioneers_selling_real_estate_5th_edition.pdf">https://www.rics.org/Global/Downloads/Auctioneers_selling_real_estate_5th_edition.pdf</a>
Public note View the guidance note free of charge (member-only content) at www.rics.org...
942 ## - ADDED ENTRY ELEMENTS (KOHA)
Suppress in OPAC 0
Source of classification or shelving scheme Dewey Decimal Classification
Holdings
Withdrawn status Lost status Source of classification or shelving scheme Damaged status Not for loan Home library Current library Shelving location Date acquired Total Checkouts Full call number Barcode Date last seen Copy number Price effective from Koha item type
    Dewey Decimal Classification     London London RICS Boxes 22/10/2009   RICS 2009/31 30076484 06/08/2019 1 06/08/2019 Archive
    Dewey Decimal Classification     London London Folio 22/10/2009   F380.1 ROY 30076485 26/04/2024 1 06/08/2019 Reference material